Avances en neurociencia traslacional / (Record no. 11055)

MARC details
000 -LEADER
fixed length control field 03065nam a22005777a 4500
007 - PHYSICAL DESCRIPTION FIXED FIELD--GENERAL INFORMATION
fixed length control field cr
008 - FIXED-LENGTH DATA ELEMENTS--GENERAL INFORMATION
fixed length control field 250808e20250711ag |||||oz||| 00| 0 spa d
020 ## - INTERNATIONAL STANDARD BOOK NUMBER
International Standard Book Number 9786319100587
040 ## - CATALOGING SOURCE
Transcribing agency AR-FvUNAJ
Modifying agency AR-FvUNAJ
Description conventions aacr2
041 ## - LANGUAGE CODE
Language code of text/sound track or separate title spa
100 1# - MAIN ENTRY--PERSONAL NAME
9 (RLIN) 21794
Personal name Alba-Ferrara, Lucía M.
Relator term Comp.
245 10 - TITLE STATEMENT
Title Avances en neurociencia traslacional /
Statement of responsibility, etc Compiladoras María Carolina Dalmasso y Lucía Alba-Ferrara
260 ## - PUBLICATION, DISTRIBUTION, ETC. (IMPRINT)
Place of publication, distribution, etc Florencio Varela :
Name of publisher, distributor, etc Universidad Nacional Arturo Jauretche,
Date of publication, distribution, etc 2025
300 ## - PHYSICAL DESCRIPTION
Extent 228 p. :
Other physical details Digital
490 ## - SERIES STATEMENT
Series statement Obras colectivas sobre resultados. Avances de investigación
Volume number/sequential designation 15
520 ## - SUMMARY, ETC.
Summary, etc Este libro explora los avances más recientes en neurociencia, abarcando temas que van desde el uso terapéutico del cannabis hasta el tratamiento de trastornos neurológicos como el Alzheimer y la epilepsia. A través de investigaciones realizadas en la Unidad Ejecutora de Estudios en Neurociencias y Sistemas Complejos (ENyS), se revela la importancia de enfoques multidisciplinarios para comprender mejor el cerebro y sus trastornos. Cada capítulo desentraña algunos misterios del sistema nervioso, presentando técnicas avanzadas como la resonancia magnética y terapias innovadoras para trastornos cognitivos y psiquiátricos. Una obra esencial para quienes buscan adentrarse en el mundo de la neurociencia.
540 ## - TERMS GOVERNING USE AND REPRODUCTION NOTE
Terms governing use and reproduction Esta obra está bajo una Licencia Creative Commons Argentina. Atribución - No Comercial - Sin Derivadas 2.5 Argentina (CC BY-NC-ND 2.5 AR)
Uniform Resource Identifier <a href="https://creativecommons.org/licenses/by-nc-nd/2.5/ar/">https://creativecommons.org/licenses/by-nc-nd/2.5/ar/</a>
650 27 - SUBJECT ADDED ENTRY--TOPICAL TERM
Source of heading or term decs
9 (RLIN) 2423
Topical term or geographic name as entry element NEUROCIENCIAS
650 27 - SUBJECT ADDED ENTRY--TOPICAL TERM
Source of heading or term decs
9 (RLIN) 17623
Topical term or geographic name as entry element CANNABIS
650 27 - SUBJECT ADDED ENTRY--TOPICAL TERM
Source of heading or term decs
9 (RLIN) 21795
Topical term or geographic name as entry element ENFERMEDAD DE ALZHEIMER
650 27 - SUBJECT ADDED ENTRY--TOPICAL TERM
Source of heading or term decs
9 (RLIN) 21796
Topical term or geographic name as entry element BIOMARCADORES
650 27 - SUBJECT ADDED ENTRY--TOPICAL TERM
Topical term or geographic name as entry element PROCESAMIENTO DE IMAGENES
Source of heading or term decs
9 (RLIN) 14112
650 27 - SUBJECT ADDED ENTRY--TOPICAL TERM
Source of heading or term decs
9 (RLIN) 11511
Topical term or geographic name as entry element NEUROIMAGEN
650 27 - SUBJECT ADDED ENTRY--TOPICAL TERM
Source of heading or term decs
9 (RLIN) 20127
Topical term or geographic name as entry element EPILEPSIA REFRACTARIA
650 27 - SUBJECT ADDED ENTRY--TOPICAL TERM
Source of heading or term decs
9 (RLIN) 21797
Topical term or geographic name as entry element TRASTORNO DEPRESIVO MAYOR
650 27 - SUBJECT ADDED ENTRY--TOPICAL TERM
Source of heading or term decs
9 (RLIN) 207
Topical term or geographic name as entry element TRASTORNOS DE LA PERSONALIDAD
700 1# - ADDED ENTRY--PERSONAL NAME
9 (RLIN) 21798
Personal name Dalmasso, María Carolina
700 1# - ADDED ENTRY--PERSONAL NAME
9 (RLIN) 21799
Personal name Biota, Magdalena
700 1# - ADDED ENTRY--PERSONAL NAME
9 (RLIN) 21800
Personal name Barbeito-Andrés, Jimena
700 1# - ADDED ENTRY--PERSONAL NAME
9 (RLIN) 21801
Personal name Bonfili, Noelia Sabrina
700 1# - ADDED ENTRY--PERSONAL NAME
9 (RLIN) 21802
Personal name Catellani, Bárbara
700 1# - ADDED ENTRY--PERSONAL NAME
9 (RLIN) 21803
Personal name Freccero, Pilar
700 1# - ADDED ENTRY--PERSONAL NAME
9 (RLIN) 21804
Personal name Giagante, Brenda
700 1# - ADDED ENTRY--PERSONAL NAME
9 (RLIN) 6880
Personal name González, Paula N.
700 1# - ADDED ENTRY--PERSONAL NAME
9 (RLIN) 6878
Personal name Kochen, Silvia
700 1# - ADDED ENTRY--PERSONAL NAME
9 (RLIN) 21805
Personal name Ladrón de Guevara, María Soledad
700 1# - ADDED ENTRY--PERSONAL NAME
9 (RLIN) 21806
Personal name Lamonarca, Julián
700 1# - ADDED ENTRY--PERSONAL NAME
9 (RLIN) 21807
Personal name Medel, Nancy
700 1# - ADDED ENTRY--PERSONAL NAME
9 (RLIN) 21808
Personal name Mintz, Inés
700 1# - ADDED ENTRY--PERSONAL NAME
9 (RLIN) 11519
Personal name Oddo, Silvia
700 1# - ADDED ENTRY--PERSONAL NAME
9 (RLIN) 21809
Personal name Villanueva, Manuela
700 1# - ADDED ENTRY--PERSONAL NAME
9 (RLIN) 21810
Personal name Postillone, María Bárbara
700 1# - ADDED ENTRY--PERSONAL NAME
9 (RLIN) 20130
Personal name Princich, Juan Pablo
700 1# - ADDED ENTRY--PERSONAL NAME
9 (RLIN) 11518
Personal name Solís, Patricia
700 1# - ADDED ENTRY--PERSONAL NAME
9 (RLIN) 20115
Personal name Vallejo Azar, Mariana Nahir
700 1# - ADDED ENTRY--PERSONAL NAME
9 (RLIN) 21811
Personal name Villella, Ivana Soledad
830 ## - SERIES ADDED ENTRY--UNIFORM TITLE
9 (RLIN) 20784
Uniform title Obras Colectivas Sobre Resultados : Avances de Investigación
Volume number/sequential designation 15
856 ## - ELECTRONIC LOCATION AND ACCESS
Electronic format type application/pdf
Uniform Resource Identifier <a href="https://rid.unaj.edu.ar/handle/123456789/3322.2">https://rid.unaj.edu.ar/handle/123456789/3322.2</a>
942 ## - ADDED ENTRY ELEMENTS (KOHA)
Source of classification or shelving scheme Dewey Decimal Classification
Item type Libro electrónico
980 ## - EQUIVALENCE OR CROSS-REFERENCE-SERIES STATEMENT--PERSONAL NAME/TITLE [LOCAL, CANADA]
Linkage 20072
Personal name Matías Regueira
Field link and sequence number 20072
Miscellaneous information Matías Regueira
Holdings
Withdrawn status Lost status Source of classification or shelving scheme Damaged status Not for loan Collection code Home library Current library Date acquired Total Checkouts Barcode Date last seen Uniform Resource Identifier Price effective from Koha item type
    Dewey Decimal Classification   Acceso en línea + Investigación Repositorio Institucional Digital UNAJ Repositorio Institucional Digital UNAJ 08/08/2025   RID25080062 08/08/2025 https://rid.unaj.edu.ar/handle/123456789/3322.2 08/08/2025 Libro electrónico

Lunes a Viernes 8:30 a 19:00 hs. Cerrado por mudanza
Av.Calchaqui 6200 Florencio Varela (CP188) 2°piso Edificio Mosconi Aula 209-210
Mail: bibliotecacentralunaj@gmail.com  
Whatsapp(54 9)1122668024    ❔Pregunte a la bibliotecaria
© Universidad Nacional Arturo Jauretche | Secretaría Académica | Biblioteca Central UNAJ